| 000 | 00542nam a2200229Ia 4500 | ||
|---|---|---|---|
| 005 | 20250425161824.0 | ||
| 008 | 250425s9999 xx 000 0 und d | ||
| 020 | _a1572596449 | ||
| 041 | _aeng | ||
| 082 | _a339 | ||
| 100 | _aMANKIW, N.GREGORY | ||
| 245 | 0 | _aMACROECONOMICS | |
| 250 | _a4TH ED. | ||
| 260 |
_aEstados Unidos _bWORTH PUBLISHERS _c2000 |
||
| 260 | _aNEW YORK | ||
| 300 | _a553 | ||
| 650 | _aECONOMIA- MERCADO | ||
| 650 | _aESTABILIZACION DE PIZARRA | ||
| 650 | _aMACROECONOMIA | ||
| 942 | _c01 | ||
| 010 | _a31115 | ||
| 999 |
_c216817 _d216817 |
||